000 00356nam a2200133 i 4500
001 bg
100 1 _aZWOŹDZIAK, Jerzy
245 0 _aMetody identyfikacji źródeł emisji pyłów i oceny ich oddziaływania /
_cJ. Zwoździak.
260 _aWrocław,
_c1986.
040 _cBPK
041 _apol
942 _cKS
008 s pl f |000 0 pol
999 _c23245
_d23245
856 _uhttp://koha.tu.koszalin.pl/cgi-bin/koha/opac-detail.pl?biblionumber=23245
_yKatalog online BPK